| 000 | 00801nam a2200205Ia 4500 | ||
|---|---|---|---|
| 999 |
_c34459 _d34459 |
||
| 003 | GE_BSU | ||
| 005 | 20220818113355.0 | ||
| 008 | 181216s2008||||ge |||||||||||||| ||geo|| | ||
| 020 | _a9789941402623 | ||
| 040 | _cGE_BSU | ||
| 041 | _ageo | ||
| 080 | _a547(075.8) ა-797 | ||
| 100 |
_aარზიანი, ბადრი _910177 |
||
| 245 |
_aორგანული ქიმია : _b[სახელმძღვანელო] / _cბადრი არზიანი ; [რედ. შ. სამსონია]. |
||
| 264 |
_aთბილისი : _bინტელექტი, _c2008. |
||
| 300 |
_a245 გვ. _b 29 სმ. |
||
| 653 | _aორგანული ქიმია | ||
| 700 |
_aსამსონია, შ. _eრედაქტორი _91091 |
||
| 942 |
_cBK _2udc |
||